|
|
|
|
| LEADER |
00000naa2a2200000 4500 |
| 001 |
496379 |
| 005 |
20231101101016.0 |
| 035 |
|
|
|a (RuTPU)RU\TPU\prd\166090
|
| 090 |
|
|
|a 496379
|
| 100 |
|
|
|a 20130123a2012 k y0rusy50 ca
|
| 101 |
0 |
|
|a rus
|
| 102 |
|
|
|a RU
|
| 200 |
1 |
|
|a "Цена победы": отзвук гуманизма или понятие с военно-историческим изъяном?
|f Н. Ф. Ковалевский
|
| 320 |
|
|
|a Библиогр.: с. 7 (17 назв.)
|
| 461 |
|
0 |
|0 (RuTPU)RU\TPU\prd\1405
|t Военно-исторический журнал
|o научно-популярный журнал
|f Министерство обороны Российской Федерации
|d 1992-
|
| 463 |
|
0 |
|0 (RuTPU)RU\TPU\prd\144596
|t № 5
|v С. 3-7
|d 2012
|
| 700 |
|
1 |
|a Ковалевский
|b Н. Ф.
|
| 801 |
|
1 |
|a RU
|b 63413507
|c 20130123
|
| 942 |
|
|
|c BK
|